00829cam a2200241 a 4500001000500000005001700005020001800022040002300040050002000063082001100083100002500094245003500119260003500154300006100189505000800250520020000258521002000458521002100478650002000499650002300519650002500542650002000567339320250828154526.0 a9780545511995 aDLCcDLCdDLCbeng00aPZ7.H1472b201100a516.151 aHall, Michaeld1954-10aPerfect square /cMichael Hall aNew York :bScholastic, c2011 a39 unnumbered pages : bcolor illustrations ; c24 cm .  aJ  aA perfect square that is perfectly happy is torn into pieces, punched with holes, crumpled, and otherwise changed but finds in each transformation that it can be something new, and just as happy. a470 bLexile  aJ bRaz-Plus  1aSquarevFiction 1aHappinessvFiction 1aContentmentvFiction 1aChangevFiction